Preventivní koncepty pro vyvíjení výrobků
Kľúčovým činiteľom konkurenčnej schopnosti v oblasti výrobkového vývoja sa vo svete stávajú preventívne koncepty optimalizácie akosti a nákladov. Sú to pružné koncepty DFC (Design for customization, konštruovaný pre používateľské prispôsobenie) a DFMA (Design for manufacture and assembly, konštruova...
Gespeichert in:
| 1. Verfasser: | |
|---|---|
| Format: | Buchkapitel |
| Sprache: | Tschechisch |
| Schlagworte: | |
| Tags: |
Keine Tags, Fügen Sie das erste Tag hinzu!
|
MARC
| LEADER | 00000naa a2200000 4500 | ||
|---|---|---|---|
| 001 | r040282 | ||
| 005 | 20231003122943.5 | ||
| 041 | 0 | |a cze | |
| 044 | |a CZ | ||
| 245 | 1 | 0 | |a Preventivní koncepty pro vyvíjení výrobků |c Jiří Kubát |
| 520 | |a Kľúčovým činiteľom konkurenčnej schopnosti v oblasti výrobkového vývoja sa vo svete stávajú preventívne koncepty optimalizácie akosti a nákladov. Sú to pružné koncepty DFC (Design for customization, konštruovaný pre používateľské prispôsobenie) a DFMA (Design for manufacture and assembly, konštruovaný pre výrobu a montáž). Praktické skúsenosti s využívania oboch konceptov. | ||
| 610 | 2 | 0 | |a vývoj výrobku |
| 610 | 2 | 0 | |a optimalizácia |
| 610 | 2 | 0 | |a náklady |
| 610 | 2 | 0 | |a kvalita |
| 610 | 2 | 0 | |a veľkovýroba |
| 610 | 2 | 0 | |a dizajn |
| 610 | 2 | 0 | |a stratégia marketingová |
| 610 | 2 | 0 | |a stratégia podniková |
| 610 | 2 | 0 | |a DFC |
| 610 | 2 | 0 | |a DFMA |
| 100 | 1 | |a Kubát, Jiří | |